[Event "Høstturneringen 2017"]
[Site "Ås, Akershus NOR"]
[Date "2017.08.31"]
[Round "1"]
[White "Rønbeck, Bjørn"]
[Black "Kielland-Lund, Jon"]
[Result "1-0"]
[WhiteElo "1130"]
[BlackElo "1502"]
[PlyCount "93"]
[EventDate "2017.08.31"]

1. e4 c6 2. d4 d5 3. e5 c5 4. c3 Nc6 5. h3 e6 6. Nf3 Qb6 7. Be2 cxd4 8. cxd4
Bb4+ 9. Nc3 Nge7 10. a3 Bxc3+ 11. bxc3 O-O 12. O-O Bd7 13. Bd2 Na5 14. Rb1 Qc7
15. Qc2 b6 16. Ng5 Ng6 17. h4 f5 18. h5 Ne7 19. f4 h6 20. Nf3 Nc4 21. Bc1 Rac8
22. Nh4 Be8 23. a4 Qc6 24. Ra1 Kh8 25. Kf2 Rg8 26. Rh1 Na5 27. Rh3 Nc4 28. g4
Rf8 29. Rg3 Qd7 30. g5 Kh7 31. Qd1 hxg5 32. Rxg5 Rg8 33. Qh1 Rh8 34. Qg2 Rg8
35. Qf3 Qc7 36. Qg3 Na5 37. Ng6 Nc4 38. Nf8+ Rxf8 39. Rxg7+ Kh8 40. Qg5 Ng8 41.
Rxc7 Rxc7 42. h6 Rh7 43. Bxc4 dxc4 44. Ba3 Rff7 45. Rh1 Bxa4 46. Rg1 Nxh6 47.
Qd8+ 1-0

[Event "Høstturneringen 2017"]
[Site "Ås, Akershus NOR"]
[Date "2017.08.31"]
[Round "1"]
[White "Lea, Per"]
[Black "Midtgard, Anders"]
[Result "1/2-1/2"]
[WhiteElo "1470"]
[BlackElo "1185"]
[Annotator "Lea, Per"]
[PlyCount "57"]
[EventDate "2017.08.31"]

1. e4 e6 2. d4 d5 3. Nc3 Bb4 4. e5 Ne7 5. a3 Bxc3+ 6. bxc3 c5 7. Qg4 Qc7 8.
Qxg7 Rg8 9. Qxh7 cxd4 10. Ne2 {Begge tråkker på velkjente teori-stier, men
svarts neste trekk er en litt mindre kjent rute} dxc3 ({På database.chessbase.
com er} 10... Nbc6 {spilt nesten 10 ganger så ofte. Men som oftest er det bare
snakk om en trekkomkastning.}) 11. f4 Nbc6 12. Qd3 d4 {Det er vanligere å gi
c-bonden i stedet, men her får hvit store problemer med å få utviklet Ta1 og
Lc1. Hvilken bonde som er best å gi bort er kanskje mer et spørsmål om smak og
behag?} 13. Nxd4 Nxd4 14. Qxd4 Bd7 15. a4 {Spilt før, men ikke ofte. Ideen var
å få utviklet løperen til a3.} ({En annen - og langt vanligere plan - er:} 15.
Rg1 {men da er hvits konge dømt til et evig liv i sentrum}) 15... Nf5 16. Qf2
Bc6 (16... Qc6 {kunne også vært vurdert, men en dronningsjakk på e4 er
egentlig helt ufarlig}) 17. Bb5 $4 {Feilene kommer - selvfølgelig? - på det
tidspunktet hvor begge brukte mest tid.} Rd8 $2 (17... O-O-O $1 {og hvit kan
trygt gi opp og heller finne seg en annen hobby} 18. Bxc6 Qxc6 19. O-O Rg6 20.
h3 Rdg8 21. g4 Rxg4+ 22. hxg4 Rxg4+ 23. Kh2 Rh4+ 24. Qxh4 (24. Kg1 Rh1# ({eller
} 24... Qh1#)) 24... Nxh4 25. Rf2 Qe4 26. Ba3 Nf3+ 27. Kg3 Nd2 {og svarts
angrep med dronning og springer er langt farligere enn hva hvit kan få til med
2 tårn og løper, selv om stillingen nesten er i matematisk likevekt.}) ({I
lynsjakk hadde det vært lett å falle for} 17... Rxg2 $4 18. Qxg2 {og løperen
er bundet og kan ikke slå igjen.}) 18. O-O Qd7 $2 (18... a6 19. Bxc6+ Qxc6 20.
g3 $11) 19. Ra3 $2 {Her er det flere svake trekk fra begge - tidsnøden
begynner å gjøre seg gjeldende} (19. g3 a6 20. Bxc6 Qxc6 21. a5 $14) 19... Nh4
$2 ({Også her ville} 19... Rxg2+ {vært dårlig, selv om løperen ikke er bundet.
Men etter} 20. Qxg2 Bxg2 21. Bxd7+ Rxd7 22. Kxg2 {ligger hvit et helt tårn over
}) ({Best var} 19... Qd5 20. Bxc6+ Qxc6 21. a5 a6 {og stillingen er helt lik})
20. Bxc6 Qxc6 21. g3 Ke7 $2 22. Be3 $2 (22. h3 Nf5 23. g4 a5 {er lovende for
hvit} 24. Qg2) 22... b6 $2 ({Å innrømme at det forrige trekket var en feil og
spille} 22... Ke8 {hadde vært bedre}) 23. a5 Nf5 24. axb6 ({Fristende, men} 24.
Qf3 Qxf3 25. Rxf3 Rd1+ 26. Kf2 Rc8 {gir større muligheter til fordel}) 24...
Nxe3 25. Rxa7+ $2 {Fristende, men gir bare remis} (25. Qxe3 Rd2 26. Rf3 Rd1+
27. Kf2 Rd2+ 28. Ke1 Rxh2 29. Rxc3 Qb5 30. Qc5+ Qxc5 31. Rxc5 axb6 32. Rc7+ Kf8
33. Kf1 {var vanskelig å se i tidsnøden. Men det er ikke sikkert at merbonden
holder til vinst allikevel.}) 25... Ke8 26. Qxe3 Rd2 27. Rf2 (27. Qxd2 $4 {
holder ikke:} cxd2 28. b7 Qb6+ 29. Kg2 Qxa7) 27... Rd1+ 28. Rf1 Rd2 29. Rf2 {
Og dermed endte kveldens lengste parti med poengdeling, noe hvit bør se seg
mest fornøyd med. "Nyvinningen" 17. Lb5 var jo et klart tapstrekk.} 1/2-1/2

[Event "Høstturneringen 2017"]
[Site "Ås, Akershus NOR"]
[Date "2017.08.31"]
[Round "1"]
[White "Garmark, Vegard"]
[Black "Moberg, Jan Rune"]
[Result "0-1"]
[WhiteElo "1189"]
[BlackElo "1520"]
[PlyCount "35"]
[EventDate "2017.08.31"]

1. e4 e5 2. Nf3 d6 3. d4 Nd7 4. Nc3 c6 5. dxe5 dxe5 6. Bc4 Be7 7. Ne2 Ngf6 8.
Ng3 O-O 9. O-O b5 10. Bd3 Re8 11. c4 a6 12. a3 Bb7 13. b4 Rc8 14. Bb2 Qc7 15.
Rc1 Qb8 16. c5 Qc7 17. Nf5 Bf8 18. Qb3 {Resten av partiet lar seg ikke
rekonstruere. 36 trekk.} 0-1

[Event "Høstturneringen 2017"]
[Site "Ås, Akershus NOR"]
[Date "2017.08.31"]
[Round "1"]
[White "Johnson, David"]
[Black "Samset, Jon"]
[Result "1-0"]
[WhiteElo "1452"]
[BlackElo "1103"]
[Annotator "Furnes, Torstein"]
[PlyCount "67"]
[EventDate "2017.08.31"]

1. e4 e5 2. Nf3 Nc6 3. Bc4 a6 4. a4 h6 5. c3 Nf6 6. d3 d5 7. exd5 Nxd5 8. Qe2
Qd6 9. Qe4 Nf6 10. Qe2 Bg4 11. O-O Rd8 12. b4 Ne7 13. Bxf7+ $1 ({Det finnes
også en annen kombinasjonsmulighet i stillingen:} 13. Nxe5 $1 {med poenget}
Bxe2 $4 14. Bxf7#) 13... Kxf7 14. Nxe5+ Ke8 15. Nxg4 Nxg4 16. Qxg4 Qxd3 17. Be3
Rd6 18. Bd4 Rg6 19. Qf4 Qh3 20. g3 Qd7 21. Nd2 Nd5 22. Rae1+ Be7 23. Qe4 Rg4
24. Qe5 Rf8 25. Nc4 Rf5 26. Qe2 Rgg5 27. Ne5 Qxa4 28. h4 Nf4 29. Qe4 Nh3+ 30.
Kg2 Rf4 31. Qxb7 Rxh4 32. Qc8+ Bd8 33. Ng6+ Kf7 34. Qe6# 1-0

[Event "Høstturneringen 2017"]
[Site "Ås, Akershus NOR"]
[Date "2017.08.31"]
[Round "1"]
[White "Thowsen, Alf Geir"]
[Black "Bø, Martin"]
[Result "0-1"]
[WhiteElo "1185"]
[BlackElo "1471"]
[PlyCount "42"]
[EventDate "2017.08.31"]

1. d4 Nf6 2. c4 e6 3. Nc3 Bb4 4. e3 O-O 5. Bd2 b6 6. Bd3 Bb7 7. Nf3 c5 8. Qc2
cxd4 9. exd4 d5 10. Bg5 h6 11. Bd2 dxc4 12. Bxc4 Bxf3 13. gxf3 Qxd4 14. Bd3 Nc6
15. Be3 Bxc3+ 16. bxc3 Qd5 17. Rg1 Kh8 18. Rg3 Rac8 19. Rb1 Ne5 20. Ke2 Nxd3
21. Qxd3 Qxa2+ 0-1

[Event "Høstturneringen 2017"]
[Site "Ås, Akershus NOR"]
[Date "2017.08.31"]
[Round "1"]
[White "Simonsen, Steinar"]
[Black "Heien, Aksel"]
[Result "1-0"]
[WhiteElo "1208"]
[BlackElo "955"]
[Annotator "Furnes, Torstein"]
[PlyCount "77"]
[EventDate "2017.08.31"]

1. e4 e5 2. Nf3 Nc6 3. Nc3 Nf6 4. Bb5 Bc5 5. Bxc6 dxc6 6. Nxe5 Qd4 7. Nd3 Nxe4
$6 $18 (7... Bb6 {er computerens førstevalg.}) 8. Qe2 f5 9. f3 O-O 10. fxe4
fxe4 11. Nxc5 Qxc5 12. Rf1 Rxf1+ 13. Kxf1 Bg4 $1 14. Qe3 Rf8+ 15. Kg1 Qf5 16.
Qe1 Qc5+ 17. Qe3 Qc4 18. d3 exd3 19. Qxd3 Qf7 20. Be3 Qh5 21. Rf1 Rxf1+ 22.
Qxf1 h6 23. Qc4+ Qf7 24. Qxg4 Kh7 25. Qe4+ Kg8 26. Qd4 Kh7 27. h4 a5 28. h5 g6
29. hxg6+ Qxg6 30. Qd7+ Qg7 31. Qc8 b5 32. Qf5+ Qg6 33. Qd7+ Qg7 34. Qxc6 b4
35. Ne4 Kh8 36. Nf6 Qe7 37. Nd5 Qd6 38. Qe8+ Kg7 39. Bd4+ 1-0

[Event "Høstturneringen 2017"]
[Site "Ås, Akershus NOR"]
[Date "2017.08.31"]
[Round "1"]
[White "Lange, Magnus Øyvind"]
[Black "Aalmo, Alexander"]
[Result "0-1"]
[WhiteElo "911"]
[BlackElo "1225"]
[Annotator "Lea, Per"]
[PlyCount "70"]
[EventDate "2017.08.31"]

1. e4 c5 2. Nf3 Nc6 3. c3 {Et fornuftig valg for hvitspillere som vil unngå å
havne rett i garnet til teoristerke motstandere} d6 4. d4 cxd4 {Gir hvit et
sterkt sentrum helt unødvendig} 5. cxd4 Bg4 6. Bb5 (6. d5 $1 Nb8 (6... Ne5 7.
Nxe5 dxe5 (7... Bxd1 8. Bb5+ Qd7 9. Bxd7+ Kd8 10. Nxf7+ Kxd7 11. Kxd1 Ke8 12.
Nxh8 g6 13. Nxg6 hxg6 {og hvit har tårn og 2 bønder over}) 8. Qxg4 {med
offisersgevinst})) 6... a6 7. Ba4 (7. Be2 {for å bli kvitt bindinga er bedre})
7... b5 8. Bb3 e6 9. d5 Ne5 {[%emt 0:00:06] Nå fungerer dette på en helt annen
måte enn i trekk} 10. Nbd2 Nd3+ 11. Ke2 Nf4+ (11... Nxc1+ 12. Rxc1 e5 {med en
ørliten fordel for svart}) 12. Kf1 e5 13. h3 Bd7 14. Bc2 Nh6 (14... Qc7 15. Nb3
Rc8 16. Ne1 {og begge har omtrent like dårlig utvikling...}) 15. Nb3 Ng6 16.
Bd2 Be7 17. Rc1 {Virker intuitivt riktig, men hvit må passe seg hvis svart
marsjerer med a-bonden} O-O 18. Ba5 Qc8 19. Bd3 Qb8 ({Etter} 19... Qe8 {har
det som liknet på en liten hvit fordel snudd seg til et initiativ for svart})
20. Bc7 Qb7 21. Na5 Qa7 22. Nc6 Bxc6 23. Rxc6 Rfc8 24. Qc1 Nf4 25. Be2 ({
Løperen står bedre her:} 25. Bb1) 25... Qb7 (25... f5 26. Bb6 Qb7 {med fordel
for svart}) 26. g3 Nxe2 27. Kxe2 f5 28. Nd2 Ra7 $2 29. Bb6 (29. Bxd6 $1 Rxc6
30. dxc6 Qc8 31. Qc5 $1 Bxd6 32. Qxa7 Qxc6 33. Qe3 {med kvalitet over for svart
}) 29... Rxc6 30. Qxc6 Qxc6 31. dxc6 Ra8 32. exf5 Rc8 33. Rc1 Bg5 $2 ({Bedre} 
33... Nxf5 {både for å få springeren i bedre posisjon. Dessuten: "en bonde er
en bonde"}) 34. f4 (34. g4 {med klar fordel for hvit!}) 34... exf4 35. Ne4 $4 (
35. Nf3 Bf6 36. g4 {og hvit står klart best}) 35... f3+ 0-1

[Event "Høstturneringen 2017"]
[Site "Ås, Akershus NOR"]
[Date "2017.09.07"]
[Round "2"]
[White "Aalmo, Alexander"]
[Black "Furnes, Torstein"]
[Result "0-1"]
[WhiteElo "1225"]
[BlackElo "1583"]
[Annotator "Furnes, Torstein"]
[PlyCount "44"]
[EventDate "2017.08.31"]

1. e4 c5 2. Nf3 Nc6 3. d4 cxd4 4. Nxd4 e5 5. Nb5 d6 6. N1c3 a6 7. Na3 b5 8. Nd5
Nf6 9. f3 ({Hovedvarianten er} 9. Bg5 Be7 10. Bxf6 Bxf6) 9... Be7 ({Jeg
vurderte såvidt} 9... Nxe4 {Springerofferet er spilt tre ganger i ChessBase.}
10. fxe4 Qh4+ 11. Kd2 (11. Ke2 Bg4+) (11. g3 Qxe4+ 12. Be3 Qxh1 13. Nc7+ Ke7
14. Nxa8) 11... Qxe4 12. Nc7+ Kd8 13. Nxa8 Qf4+) 10. Bg5 Nxd5 11. Qxd5 Bb7 12.
Nxb5 $6 {Et interessant offer, men Fritz mener at hvit ikke får tilstrekkelig
kompensasjon for springeren.} axb5 13. Bxe7 Qxe7 14. Bxb5 Qc7 15. O-O-O Ke7 16.
Bc4 Rhf8 17. Qb5 {Nå får svart spilt både Ta5 og Sd4 med tempo.} (17. Qd2 {er
bedre. Bl.a. med ideen om å spille Dg5+.}) 17... Ra5 18. Qb3 Nd4 19. Qb4 ({Her
mener Fritz at det er best å eliminere den sterke springeren med} 19. Rxd4 exd4
20. Rd1) 19... Rxa2 $1 20. Kb1 {Jeg kunne her vunnet dronningen med 20.-Ta1 21.
Kxa1 Sxc2+ osv. Men jeg hadde fått øye på et kvelermatt-inspirert taktisk
motiv dersom hvit slår tårnet:} Rfa8 $1 21. Bxa2 Qxc2+ 22. Ka1 Nb3+ (22... Nb3+
{Det er matt i 5 trekk. Avslutningen kunne blitt} 23. Qxb3 Qxb3 24. Kb1 Rxa2
25. Rd2 Qa4 26. b3 Qxb3+ 27. Kc1 Ra1#) 0-1

[Event "Høstturneringen 2017"]
[Site "Ås, Akershus NOR"]
[Date "2017.09.07"]
[Round "2"]
[White "Moberg, Jan Rune"]
[Black "Bakken, Svein-Erik"]
[Result "0-1"]
[WhiteElo "1520"]
[BlackElo "1363"]
[Annotator "Lea, Per"]
[PlyCount "98"]
[EventDate "2017.08.31"]

1. c4 c5 2. Nc3 Nc6 3. g3 e6 4. Bg2 a6 5. e4 Qc7 6. Nf3 Nf6 7. O-O Be7 8. d3
O-O 9. Re1 d6 10. b3 Bd7 11. Bb2 Rac8 12. Nd5 $2 {Tvilsomt...} (12. Nd2) (12.
a4 {er greie alternativer}) 12... exd5 13. exd5 Ne5 14. d4 (14. Nxe5 dxe5 15.
Bxe5 Qb6 {og hvit har en viss kompensasjon for offiseren}) 14... Nxf3+ 15. Qxf3
Rfe8 16. h3 b5 17. cxb5 axb5 18. Rac1 c4 19. g4 h6 20. Qf4 Bf8 21. Red1 Re2 22.
Rd2 Rxd2 23. Qxd2 Qa7 24. Ra1 Qb7 25. Qe2 Nxd5 26. bxc4 bxc4 27. Bc1 Bc6 28.
Qxc4 Ne7 29. Bxc6 Rxc6 30. Qd3 Qc7 31. Bd2 d5 32. a4 Qa7 33. a5 Ra6 34. Qb5 Nc6
35. Qxd5 Qxd4 36. Qxd4 Nxd4 37. Be3 Nb3 38. Rb1 Nxa5 39. Rb8 Rc6 40. Bd2 Nc4
41. Bb4 Nd6 42. Rd8 g6 43. Kg2 Kg7 44. Ba3 Be7 45. Rd7 Kf8 46. f4 Ke8 47. Ra7
Nc8 48. Ra8 Bxa3 49. Rxa3 Ke7 {vanskelig å tolke notasjonen herfra og ut, men
svart vant etter ca. 90 trekk} 0-1

[Event "Høstturneringen 2017"]
[Site "Ås, Akershus NOR"]
[Date "2017.09.07"]
[Round "2"]
[White "Bø, Martin"]
[Black "Simonsen, Steinar"]
[Result "1-0"]
[WhiteElo "1471"]
[BlackElo "1208"]
[Annotator "Bø, Martin"]
[PlyCount "71"]
[EventDate "2017.08.31"]

1. d4 d5 2. c4 Nf6 3. cxd5 Nxd5 4. e4 Nb6 5. Nc3 e6 6. Nf3 Bb4 7. Bd3 Bxc3+ 8.
bxc3 Nc6 {Hvit har en solid fordel ut av åpningen, med et flott sentrum,
løperparet og god utvikling. Sort sliter med å få ut offiserene og klare å få
gjennomført et brudd i sentrum} 9. e5 Nd5 10. Bd2 h6 11. O-O a6 12. a4 g5 13.
h3 Nf4 14. Bxf4 gxf4 15. Nd2 $6 {Sikter seg inn på f6 feltet} Rg8 (15... Nxe5
16. Bc2 Nc6 17. Qf3 Qh4 18. Rab1 O-O 19. Rfe1 Ne7 20. Re5 Qf6 21. Rh5 $14 {Med
veldig god kompensasjon for bonden}) 16. Ne4 Rg7 17. Qh5 {Enda sterkere er} (
17. Nf6+ Ke7 18. Qf3 Rg5 19. Qxf4 Qh8 20. Be4 Kf8 21. h4 Rg7 22. Bxc6 bxc6 23.
Qf3 $1 Bb7 24. Rab1 Ra7 25. Rxb7 Rxb7 26. Qxc6 {1-0}) 17... Ke7 18. Qxh6 Qg8
19. Qh4+ Kf8 20. Qh6 Ke7 21. g3 (21. Nf6 $3 Rxg2+ 22. Kh1 Qg7 23. Qxf4 Bd7 24.
Nh5 Qg5 25. Qf6+ Kf8 (25... Qxf6 26. exf6+ Kd6 27. Kxg2) 26. Qh8+ Ke7 27. Qxa8)
21... fxg3 22. Qh4+ Kf8 23. fxg3 (23. Nf6 gxf2+ 24. Kh1 {Og sorts dronning er
fanga}) 23... Rh7 24. Qf4 {Setter opp en felle. Sort sin stilling er håpløs
uansett} Rxh3 25. Ng5 Rh5 26. Nxf7 Rf5 27. Bxf5 (27. Nh6 Rxf4 28. Rxf4+ Ke8 29.
Nxg8) 27... exf5 28. Nh6 Qg6 29. Nxf5 Bxf5 30. Qxf5+ Kg7 31. Qxg6+ Kxg6 32.
Rf6+ Kg5 33. Raf1 Ne7 34. Rf8 Rxf8 35. Rxf8 Nd5 36. e6 1-0

[Event "Høstturneringen 2017"]
[Site "Ås, Akershus NOR"]
[Date "2017.09.07"]
[Round "2"]
[White "Kielland-Lund, Jon"]
[Black "Lea, Per"]
[Result "1-0"]
[WhiteElo "1502"]
[BlackElo "1470"]
[Annotator "Per Lea"]
[PlyCount "51"]
[EventDate "2017.08.31"]

1. c4 Nf6 2. Nc3 g6 3. e4 d6 4. d4 Bg7 5. Nf3 O-O 6. Be2 e5 7. dxe5 dxe5 8.
Qxd8 Rxd8 9. Bg5 Nbd7 ({Å forlate den åpne tårnlinja, men gardere e-bonden og
samtidig gå ut av den ekle bindinga, er bedre:} 9... Re8) ({Ikke:} 9... h6 10.
Bxf6 Bxf6 11. Nd5 Nd7 12. Rd1 Kg7 13. Nxc7 Rb8 {med sunn merbonde for hvit})
10. O-O-O h6 $2 {Svart går rett inn i bondetapsvarianten som han klokelig
unngikk i forrige trekk. Er det korttidshukommelsen som svikter...?} 11. Bxf6
Bxf6 12. Nd5 Bg7 13. Nxc7 Rb8 14. Rd2 ({Enda mer agressivt var:} 14. Rd5) 14...
Kf8 $4 ({svart måtte for enhver pris komme seg ut av bindinga med} 14... Rf8 {
Herfra og ut er det ren dampveivals fra hvits side}) 15. Rhd1 b6 16. Ne1 h5 17.
Nc2 Ke7 18. g4 Bh6 19. Ne3 Bxe3 $2 ({Svart kunne muligens få noe som liknet
litt motspill etter:} 19... Bb7 20. gxh5 Nf6 21. Rxd8 Rxd8 22. Ncd5+ Bxd5 {men
hvits stilling er allikevel best}) 20. fxe3 h4 (20... Bb7 21. gxh5 Nf6 {
fjerner i hvert fall mist ett tårnpar, men her var det bare spørsmål om pest
eller kolera}) 21. Nd5+ Ke8 22. Nf6+ Ke7 23. g5 Rb7 24. Bg4 ({Her var} 24. c5 {
fullstendig knusende:} Kf8 (24... bxc5 25. Ba6 Rc7 26. Nd5+) 25. Ba6 Rc7 26.
Bxc8 Rxc5+ 27. Kb1 Rcxc8 28. Rxd7 Rxd7 29. Rxd7) 24... a5 (24... Nxf6 25. gxf6+
Kxf6 26. Rxd8 Bxg4 27. Rf1+ Kg7 28. b3 {ble vurdert - men forkastet... Planen
etter teksttrekket var å flytte tårnet mellom a7 og b7, men det holdet jo ikke
fordi hvit kan vinne materiell på flere måter.}) 25. Bxd7 ({Stockfish foreslår
} 25. h3 {og heller vente med slag på d7 Nå holder ikke} Nxf6 26. gxf6+ Kxf6
27. Rxd8 Bxg4 28. hxg4 {og hvit blir liggende et helt tårn under}) 25... Bxd7
26. b3 {Svart har ingen trekk som ikke taper materiell umiddelbart og ga opp
den håpløse kampen} 1-0

[Event "Høstturneringen 2017"]
[Site "Ås, Akershus NOR"]
[Date "2017.09.07"]
[Round "2"]
[White "Olsen, Trygve"]
[Black "Thowsen, Alf Geir"]
[Result "0-1"]
[WhiteElo "1271"]
[BlackElo "1185"]
[Annotator "Lea, Per"]
[PlyCount "142"]
[EventDate "2017.08.31"]

1. f4 d5 {Det desidert vanligste svaret på 1. f4} ({Men noen av oss drømmer
omå få spille denne varianten som svart:} 1... e5 2. fxe5 d6 3. exd6 Bxd6 4.
Nc3 $4 Qh4+ 5. g3 Qxg3+ 6. hxg3 Bxg3#) 2. d4 e6 {... og der er vi allerede ute
på upløyd mark når vi sjekker ChessBase. Null(!) partier med disse
åpningstrekkene er registrert pr. 07.09.2017.} 3. Nf3 Nf6 4. e3 c5 5. c3 Nbd7
6. Bd3 c4 7. Bc2 b5 8. a3 Be7 9. O-O Bb7 10. Nbd2 O-O 11. h3 a5 {Stockfish
begynner å like svarts stilling. Hvits brikker står litt i veien for hverandre.
} 12. f5 $2 Ne4 (12... exf5 13. Bxf5 Qc7 (13... g6 14. Bxd7 Nxd7) (13... a4)
14. Qc2 g6 {er tre varianter som alle gir godt spill for svart}) 13. Nxe4 (13.
fxe6 fxe6 14. Nxe4 dxe4 15. Nd2 {og hvit har løst alle sine problemer}) 13...
dxe4 14. Nd2 Nf6 15. a4 Nd5 $2 (15... b4 16. cxb4 Qc8 17. b5 exf5 {gir omtrent
lik stilling}) 16. Nxe4 b4 17. cxb4 ({Etter} 17. fxe6 fxe6 18. Rxf8+ Qxf8 19.
Qe2 {beholder hvit et visst initiativ}) 17... axb4 18. Bd2 Qd7 19. Qh5 Qc6 $4 (
{Det enkle er som kjent det beste:} 19... exf5) 20. Rf2 $2 {Alt for forsiktig.
Nå går fordelen over på svarts side, bondeframstøtet til f6 ville vært mer
eller mindre grei vinst for hvit} (20. f6 $1 gxf6 (20... Bxf6 21. Bxb4 h6 (
21... Rfe8 $2 22. Ng5 h6 23. Qxf7+ Kh8 24. Qg6 hxg5 25. Qh7#) (21... g6 22.
Nxf6+ Nxf6 23. Qg5 h6 24. Qg3 Nh5 25. Qf2 Qc7 26. Bxf8 Rxf8) 22. Bxf8 Rxf8 23.
Nxf6+ Nxf6 24. Qf3 Nd5 {med kvalitet og bonde over for hvit}) 21. Ng5 h6 22.
Qxh6 Rfe8 23. Qh7+ Kf8 24. Qxf7#) 20... exf5 21. Qxf5 b3 22. Bb1 Rxa4 23. Rxa4
Qxa4 $2 (23... g6 24. Qe5 Qxa4 {letter litt på trykket, men er fremdeles godt
for hvit}) 24. Nc5 $1 g6 25. Nxa4 (25. Qxd5 $1 Bxd5 26. Nxa4 {med en ekstra
springer for hvit}) 25... gxf5 26. Rxf5 Ra8 27. Nc5 Ra1 28. Rf1 Ra7 $2 (28...
Bxc5 29. dxc5 Kg7 {og svart kan fortsatt kjempe videre}) 29. e4 (29. Nxb7 $1
Rxb7 30. Be4 Rb5 31. Bxd5 Rxd5 32. Rc1 {og c-bonden faller. Hvit bør vinne
greit.}) 29... Bxc5 30. dxc5 Ne7 31. Be3 Ba6 32. Rd1 Nc6 33. Rd6 Bb7 (33... Bb5
{med utlikning}) 34. Rd1 Nb4 35. Bh6 Nc6 36. e5 Ra8 37. Be4 c3 38. bxc3 (38. e6
fxe6 39. Rd7 {og hvits kongeangrep er farligere enn svarts fribønder}) 38... b2
39. Kh2 Ra1 40. Bb1 ({Igjen vinner} 40. Rd7) 40... Bc8 41. Rd3 $2 f5 (41... Bf5
42. Rg3+ Bg6 43. c4 Rxb1 44. Rb3 Bd3 45. Rb6 Bxc4 46. Rxc6 Rh1+ 47. Kg3 Be6 48.
Rb6 b1=Q 49. Rxb1 Rxb1 {0-1}) 42. Rg3+ (42. Rd6 Nxe5 43. Bc2 Kf7 44. Rb6 Ra6
45. Rb8 $11) 42... Kf7 43. Bc2 b1=Q (43... Nxe5 {med vinststilling for svart})
44. Bxb1 Rxb1 45. Rg7+ Ke6 46. Rc7 $2 (46. Rxh7 Nxe5 47. Bf4 {og hvit har 3
bønder for springeren}) 46... Bd7 {Dermed er tårnet innelåst} 47. Bf4 Rb3 48.
h4 Rxc3 49. g3 h5 50. Rb7 Rxc5 51. Rb6 Kd5 52. Rb2 Nxe5 53. Bxe5 Kxe5 54. Re2+
Kf6 {Resten er teknikk for svart} 55. Rd2 Bc6 56. Kg1 Ke5 57. Kf2 Be4 58. Rd8
Rc3 59. Rf8 Kd4 60. Rg8 Rc2+ 61. Ke1 Ke3 62. Kd1 Kf3 63. Rg4 Rh2 64. Rg7 Ke3
65. Kc1 Kf3 66. Rg5 Rg2 67. Rxh5 Rxg3 68. Rh8 Rh3 69. h5 f4 70. h6 Kf2 71. Kd2
f3 0-1

[Event "Høstturneringen 2017"]
[Site "Ås, Akershus NOR"]
[Date "2017.09.07"]
[Round "2"]
[White "Samset, Jon"]
[Black "Lange, Magnus Øyvind"]
[Result "1-0"]
[WhiteElo "1103"]
[BlackElo "911"]
[Annotator "Furnes, Torstein"]
[PlyCount "90"]
[EventDate "2017.08.31"]

1. Nf3 d5 2. e3 Nc6 3. Bb5 Bd7 4. O-O a6 5. Bxc6 Bxc6 6. a3 g6 7. d4 Bg7 8. b3
Nf6 9. Nbd2 Nd7 10. Bb2 f6 11. Re1 e5 12. dxe5 fxe5 13. Nf1 Qe7 14. Rc1 O-O-O
15. b4 Nb6 16. Qe2 Nc4 17. c3 Bb5 18. Qc2 e4 19. Nd4 Ba4 20. Nb3 Rhf8 21. Ra1
Rf6 22. Bc1 Rdf8 23. Re2 Bb5 24. Qa2 Nxa3 25. Bxa3 Bxe2 26. b5 Rxf2 27. Nbd2
Qf7 (27... Qg5 28. g3 (28. Ng3 Qxe3 29. Kh1 Rxg2 30. Kxg2 Rf2+ 31. Kg1 Bf3 32.
Nxf3 Rxa2+ 33. Kh1 Qxf3+ 34. Kg1 Qg2#) 28... R8f7) 28. Bxf8 Bc4 29. Qa5 Qxf8 (
29... Re2 30. Nf3 exf3 31. gxf3 Qxf3) 30. Nxc4 dxc4 $18 {Partiets vendepunkt.
Svart har lenge stått best, men etter dxc4 overtar hvit fordelen.} ({Svart har
matt i 5 trekk med} 30... Re2) 31. bxa6 bxa6 32. Qxa6+ Kd7 33. Qb5+ Ke7 34.
Qc5+ Kd7 35. Qb5+ Ke7 36. Qxc4 Kd7 37. Qxe4 Bh6 38. h3 (38. Rd1+ Qd6 (38... Kc8
39. Qa8#) 39. Rxd6+) 38... Rf6 39. Nd2 Re6 40. Qa4+ Rc6 41. Nc4 Qc5 42. Na5
Qxe3+ 43. Kh1 Qxc3 44. Rd1+ Bd2 45. Nxc6 Qxc6 1-0

[Event "Høstturneringen 2017"]
[Site "Ås, Akershus NOR"]
[Date "2017.09.21"]
[Round "3"]
[White "Furnes, Torstein"]
[Black "Bø, Martin"]
[Result "1/2-1/2"]
[WhiteElo "1583"]
[BlackElo "1471"]
[Annotator "Furnes, Torstein"]
[PlyCount "62"]
[EventDate "2017.08.31"]

1. d4 Nf6 2. c4 e6 3. Nc3 Bb4 4. Qc2 c5 5. dxc5 Na6 6. a3 Bxc3+ 7. Qxc3 Nxc5 8.
Nf3 (8. b4 {er det vanligste og sterkeste ifølge ChessBase.}) 8... O-O 9. Bf4
Nce4 10. Qc2 d6 11. e3 b6 $146 {Dette er første trekk som ikke er tidligere
spilt hos ChessBase. Løperen blir sterk på b7.} 12. Be2 Bb7 13. O-O Rc8 14. b3
d5 15. Qb2 Qe7 16. Be5 Rfd8 17. Rfd1 $6 Ng4 $1 18. Bg3 Nxg3 19. hxg3 dxc4 20.
Bxc4 Qf6 21. Qxf6 Nxf6 22. Nd4 Bd5 23. Ba6 Rc7 24. b4 Rcd7 25. Rdc1 e5 26. Nc6
Bxc6 27. Rxc6 Rd1+ 28. Rxd1 Rxd1+ 29. Bf1 ({Svart vinner etter} 29. Kh2 $4 Ng4+
30. Kh3 Nxf2+ 31. Kh4 Rh1+ 32. Kg5 h6+ 33. Rxh6 (33. Kf5 Rh5#) 33... Rxh6)
29... h5 30. f3 Ra1 31. Rc3 a5 {Fritz 11 SE vurderer stillingen som helt lik 
(0.00).} 1/2-1/2